| Tag |
First Indicator |
Second Indicator |
Subfields |
| LEADER |
00000cam a2200000 a 4500 |
| 001 |
in00002785350 |
| 005 |
20211120170501.0 |
| 006 |
m o d f |
| 007 |
cr bn||||a|||| |
| 008 |
121116s2012 dcua ob f000 0 eng c |
| 019 |
|
|
|a 908070167
|
| 029 |
1 |
|
|a AU@
|b 000050606336
|
| 035 |
|
|
|a (OCoLC)ocn818331159
|
| 040 |
|
|
|a GPO
|b eng
|c GPO
|d GPO
|d OCLCA
|d OCLCE
|d GPO
|d MvI
|
| 042 |
|
|
|a pcc
|
| 043 |
|
|
|a n-us---
|
| 049 |
|
|
|a WWW
|
| 050 |
1 |
4 |
|a KF27
|b .E5546 2010
|
| 074 |
|
|
|a 1019-C-01 (online)
|
| 086 |
0 |
|
|a Y 4.C 73/8:111-96
|
| 088 |
|
|
|a Serial no. 111-96 (United States. Congress. House. Committee on Energy and Commerce)
|
| 110 |
1 |
|
|a United States.
|b Congress.
|b House.
|b Committee on Energy and Commerce.
|b Subcommittee on Oversight and Investigations.
|
| 245 |
1 |
0 |
|a Response by Toyota and NHTSA to incidents of sudden unintended acceleration :
|b hearing before the Subcommittee on Oversight and Investigations of the Committee on Energy and Commerce, House of Representatives, One Hundred Eleventh Congress, second session, February 23, 2010.
|
| 260 |
|
|
|a Washington :
|b U.S. G.P.O.,
|c 2012.
|
| 300 |
|
|
|a 1 online resource (vi, 400 p.) :
|b ill.
|
| 336 |
|
|
|a text
|b txt
|2 rdacontent
|
| 337 |
|
|
|a computer
|b c
|2 rdamedia
|
| 338 |
|
|
|a online resource
|b cr
|2 rdacarrier
|
| 500 |
|
|
|a Title from title screen (viewed on Nov. 16, 2012).
|
| 500 |
|
|
|a Paper version available for sale by the Supt. of Docs., U.S. G.P.O.
|
| 504 |
|
|
|a Includes bibliographical references.
|
| 500 |
|
|
|a "Serial no. 111-96."
|
| 650 |
|
0 |
|a Toyota automobiles
|x Defects.
|
| 650 |
|
0 |
|a Toyota automobiles
|x Fuel systems.
|
| 650 |
|
0 |
|a Governmental investigations
|z United States.
|
| 776 |
0 |
8 |
|i Print version:
|a United States. Congress. House. Committee on Energy and Commerce. Subcommittee on Oversight and Investigations.
|t Response by Toyota and NHTSto incidents of sudden unintended acceleration
|w (DLC) 2013499099
|w (OCoLC)820932838
|
| 776 |
0 |
8 |
|i Microfiche version:
|a United States. Congress. House. Committee on Energy and Commerce. Subcommittee on Oversight and Investigations.
|t Response by Toyota and NHTSto incidents of sudden unintended acceleration
|w (OCoLC)830323787
|
| 856 |
4 |
0 |
|u https://purl.fdlp.gov/GPO/gpo31453
|t 0
|
| 999 |
f |
f |
|s 422b4510-1ec7-3008-b337-d1ee4bf914d0
|i 539da082-22ca-3dbe-beab-5aa4400fd562
|t 0
|
| 952 |
f |
f |
|a Texas A&M University
|b College Station
|c Electronic Resources
|d Available Online
|t 0
|e Y 4.C 73/8:111-96
|h Superintendent of Documents classification
|
| 998 |
f |
f |
|a Y 4.C 73/8:111-96
|t 0
|l Available Online
|